| 000 | 00918nmc a2200373 a 4500 | ||
|---|---|---|---|
| 003 | AR-BaBNM | ||
| 005 | 20251128205619.0 | ||
| 008 | 308019s1987 ||||||||||||||000 | spa|| | ||
| 020 | _a950-12-6659-1 | ||
| 040 | _cAR-BaBNM | ||
| 100 | 1 | _aSunk, Reiner | |
| 245 | 1 | 0 |
_aFromm _bvida y obra |
| 250 | _a1ª ed. | ||
| 260 |
_aBuenos Aires _bPaidós _c1987 |
||
| 300 | 0 |
_a206 p. _bil. |
|
| 490 | 0 |
_aPaidós studio _vv. 59 |
|
| 500 | 0 | _aCronología de Erich Fromm: p. 195-197 | |
| 504 | _aBibliografía: p. 197-206 | ||
| 650 | 4 | _aFAMILIA | |
| 650 | 4 | _aNINEZ | |
| 650 | 4 | _aJUVENTUD | |
| 650 | 4 | _aPSICOANALISIS | |
| 650 | 4 | _aEMIGRACION | |
| 650 | 4 | _aHUMANISMO | |
| 650 | 4 | _aJUDAISMO | |
| 651 | 4 | _aMéxico | |
| 651 | 4 | _aEstados Unidos | |
| 651 | 4 | _aAlemania | |
| 655 | _aBIOGRAFIAS | ||
| 700 | 1 |
_aDeutscher, Juana _etraductor |
|
| 700 | 1 |
_aGal, Vilko _etraductor |
|
| 942 | _cBK | ||
| 998 | _carturo | ||
| 999 |
_c12127 _d12127 |
||